000 00580 a2200181 4500
999 _c878
_d878
020 _a9780273717102
050 _aG155 HOL 2009
100 _aHolloway, J. Christopher
_eauthor
245 _aThe business of tourism /
_cJ.Christopher Holloway
264 _aEngland :
_bPearson Education Limited,
_c2009
300 _a776p.
_bill.(col)
500 _aIncludes bibliographical references and index
650 _aBusiness
_xTourism
650 _aTourism
_xMarketing
700 _aHumphreys, Claire
_eauthor
700 _aDavidson, Rob
_eauthor
942 _2lcc
_cBK
_e8th ed.
_h155
_iHOL
_kG